000 00530nam a2200181 a 4500
005 20140412111312.0
008 000830s19uu xx 00 eng d
020 _a0-8094-7180-9
050 _aREF 030
_bC54Wh 1996 v.1
245 _aA Child's first library of learning :
_bwheels and wings.
260 _aHong Kong :
_bTime Life Asia,
_c1996.
300 _a87 p.
440 _aA Child's First Library of Learning
500 _aGrowing-Up Album
650 _aEncyclopedias
650 _aQuestion and answers
999 _c104033
_d104033